000 00516nam a2200181Ia 4500
001 7766
005 20260306160519.0
008 260306t2016||||xx |||||||||||||| ||spa||
041 _aESP
082 _a361.61
_bM43
100 _aMerino Acuña, Roger
_eAUT
245 0 _aJusticia social y economía en la teoría del derecho:
_blas intersecciones entre el derecho, la economía y la política
260 _c2016
300 _a413 páginas :
_c20 cm.
650 _aGEN
654 _aCDE
942 _cLIB
_dJUS
_fJUS
_2ddc
_n
999 _c7766
_d7766